000 00813nam a2200253Ia 4500
003 OSt
005 20221005043135.0
006 a|||||r|||| 00| 0
007 ta
008 221004b |||||||| |||| 00| 0 eng d
020 _a9781472422149 (hbk)
_c7188
024 _a25254
037 _b308, 03/03/2016, Classic Book Service
_cTextual
040 _aCRL
_cCRL
_beng
041 _2eng
_aeng
082 _aY:41:5.6, Q5
100 _aKalunta Crumpton Anita Ed.
_9591259
245 0 _aPan african issues in drugs and drug control
_b An international perspective
260 _aEngland
_bAshgate UK
_c2015
300 _axv, 391p.
_ccm.
650 _aSOCIOLOGY
942 _hY:41:5.6, Q5
_cTEXL
_2cc
999 _c951366
_d951366